<?xml version="1.0" encoding="UTF-8"?>
<record
    xmlns:xsi="http://www.w3.org/2001/XMLSchema-instance"
    xsi:schemaLocation="http://www.loc.gov/MARC21/slim http://www.loc.gov/standards/marcxml/schema/MARC21slim.xsd"
    xmlns="http://www.loc.gov/MARC21/slim">

  <leader>01204nam a22002777a 4500</leader>
  <controlfield tag="003">OSt</controlfield>
  <controlfield tag="005">20260319120636.0</controlfield>
  <controlfield tag="007">ta</controlfield>
  <controlfield tag="008">210219b2020    dr acd|g |||| 00| 0dspa d</controlfield>
  <datafield tag="020" ind1=" " ind2=" ">
    <subfield code="a">9789945484397</subfield>
  </datafield>
  <datafield tag="040" ind1=" " ind2=" ">
    <subfield code="a">DO-SdBNP</subfield>
    <subfield code="b">spa</subfield>
    <subfield code="c">BNPHU</subfield>
  </datafield>
  <datafield tag="041" ind1=" " ind2=" ">
    <subfield code="h">spa</subfield>
  </datafield>
  <datafield tag="082" ind1=" " ind2="4">
    <subfield code="a">380.10609729374</subfield>
    <subfield code="b">S944o</subfield>
    <subfield code="2">22</subfield>
  </datafield>
  <datafield tag="100" ind1="1" ind2=" ">
    <subfield code="a">Suero Espinal , Juan H&#xE9;ctor.</subfield>
    <subfield code="d">1941-2018.</subfield>
    <subfield code="9">77874</subfield>
  </datafield>
  <datafield tag="245" ind1="1" ind2="0">
    <subfield code="a">Or&#xED;gen y evoluci&#xF3;n de la C&#xE1;mara de Comercio y producci&#xF3;n de la provincia San Crist&#xF3;bal /</subfield>
    <subfield code="c">Juan H&#xE9;ctor Suero Espinal </subfield>
  </datafield>
  <datafield tag="260" ind1=" " ind2=" ">
    <subfield code="a">San Crist&#xF3;bal :</subfield>
    <subfield code="b">C&#xE1;mara de Comercio y Producci&#xF3;n de la provincia San Crist&#xF3;bal ;</subfield>
    <subfield code="b">Grupo Editorial Monta&#xF1;o,</subfield>
    <subfield code="c">2020.</subfield>
  </datafield>
  <datafield tag="300" ind1=" " ind2=" ">
    <subfield code="a">344 p. :</subfield>
    <subfield code="b">il., grafcs., retrs.  ;</subfield>
    <subfield code="c">22 cm.</subfield>
  </datafield>
  <datafield tag="500" ind1=" " ind2=" ">
    <subfield code="a">Incluye datos biogr&#xE1;ficos del autor en las solapas</subfield>
  </datafield>
  <datafield tag="590" ind1=" " ind2=" ">
    <subfield code="a">Inventariado, 2021/MFF</subfield>
  </datafield>
  <datafield tag="610" ind1=" " ind2="4">
    <subfield code="a">C&#xE1;mara de Comercio de San Crist&#xF3;bal (Rep&#xFA;blica Dominicana)</subfield>
    <subfield code="x">Historia </subfield>
    <subfield code="9">78822</subfield>
  </datafield>
  <datafield tag="651" ind1=" " ind2="4">
    <subfield code="a">San Crist&#xF3;bal (Rep&#xFA;blica  Dominicana)</subfield>
    <subfield code="x">Comercio</subfield>
    <subfield code="x">Historia</subfield>
    <subfield code="9">78823</subfield>
  </datafield>
  <datafield tag="651" ind1=" " ind2="4">
    <subfield code="a">San Crist&#xF3;bal (Rep&#xFA;blica Dominicana)</subfield>
    <subfield code="x">Condiciones econ&#xF3;micas</subfield>
    <subfield code="9">78824</subfield>
  </datafield>
  <datafield tag="651" ind1=" " ind2="0">
    <subfield code="a">San Crist&#xF3;bal (Rep&#xFA;blica Dominicana)</subfield>
    <subfield code="9">9248</subfield>
  </datafield>
  <datafield tag="910" ind1=" " ind2=" ">
    <subfield code="a">Validado. Control de calidad MFF</subfield>
  </datafield>
  <datafield tag="942" ind1=" " ind2=" ">
    <subfield code="2">ddc</subfield>
    <subfield code="c">LBS1</subfield>
  </datafield>
  <datafield tag="952" ind1=" " ind2=" ">
    <subfield code="0">0</subfield>
    <subfield code="1">0</subfield>
    <subfield code="2">ddc</subfield>
    <subfield code="5">1</subfield>
    <subfield code="7">1</subfield>
    <subfield code="8">PD</subfield>
    <subfield code="a">BNPHU</subfield>
    <subfield code="b">PD</subfield>
    <subfield code="c">HD</subfield>
    <subfield code="d">2020-10-29</subfield>
    <subfield code="e">Donado por Editorial Monta&#xF1;o</subfield>
    <subfield code="l">0</subfield>
    <subfield code="o">BNPHU PD 380.10609729374 S944o</subfield>
    <subfield code="p">2021-0333</subfield>
    <subfield code="r">2021-02-19</subfield>
    <subfield code="w">2021-02-19</subfield>
    <subfield code="y">LFPD</subfield>
  </datafield>
  <datafield tag="952" ind1=" " ind2=" ">
    <subfield code="0">0</subfield>
    <subfield code="1">0</subfield>
    <subfield code="2">ddc</subfield>
    <subfield code="5">1</subfield>
    <subfield code="7">2</subfield>
    <subfield code="8">PD</subfield>
    <subfield code="a">BNPHU</subfield>
    <subfield code="b">PD</subfield>
    <subfield code="c">HD</subfield>
    <subfield code="d">2020-11-23</subfield>
    <subfield code="e">Donado por Editora B&#xFA;ho</subfield>
    <subfield code="l">0</subfield>
    <subfield code="o">BNPHU PD 380.10609729374 S944o</subfield>
    <subfield code="p">2021-0334</subfield>
    <subfield code="r">2021-02-19</subfield>
    <subfield code="t">e.2</subfield>
    <subfield code="w">2021-02-19</subfield>
    <subfield code="y">LFPD</subfield>
  </datafield>
  <datafield tag="952" ind1=" " ind2=" ">
    <subfield code="0">0</subfield>
    <subfield code="1">0</subfield>
    <subfield code="2">ddc</subfield>
    <subfield code="5">6</subfield>
    <subfield code="7">0</subfield>
    <subfield code="8">DS</subfield>
    <subfield code="a">BNPHU</subfield>
    <subfield code="b">GR</subfield>
    <subfield code="c">HD</subfield>
    <subfield code="d">2020-11-23</subfield>
    <subfield code="e">Donado por Editora B&#xFA;ho</subfield>
    <subfield code="l">0</subfield>
    <subfield code="o">BNPHU DS 380.10609729374 S944o</subfield>
    <subfield code="p">2021-0335</subfield>
    <subfield code="r">2021-02-19</subfield>
    <subfield code="t">e.3</subfield>
    <subfield code="w">2021-02-19</subfield>
    <subfield code="y">LFDS</subfield>
  </datafield>
  <datafield tag="952" ind1=" " ind2=" ">
    <subfield code="0">0</subfield>
    <subfield code="1">0</subfield>
    <subfield code="2">ddc</subfield>
    <subfield code="5">6</subfield>
    <subfield code="7">0</subfield>
    <subfield code="8">DS</subfield>
    <subfield code="a">BNPHU</subfield>
    <subfield code="b">GR</subfield>
    <subfield code="c">HD</subfield>
    <subfield code="d">2020-10-29</subfield>
    <subfield code="e">Donado por grupo ed. Monta&#xF1;o</subfield>
    <subfield code="l">0</subfield>
    <subfield code="o">BNPHU DS 380.10609729374 S944o</subfield>
    <subfield code="p">2021-0336</subfield>
    <subfield code="r">2021-02-19</subfield>
    <subfield code="t">e.4</subfield>
    <subfield code="w">2021-02-19</subfield>
    <subfield code="y">LFDS</subfield>
  </datafield>
  <datafield tag="952" ind1=" " ind2=" ">
    <subfield code="0">0</subfield>
    <subfield code="1">0</subfield>
    <subfield code="2">ddc</subfield>
    <subfield code="5">6</subfield>
    <subfield code="7">0</subfield>
    <subfield code="8">DS</subfield>
    <subfield code="a">BNPHU</subfield>
    <subfield code="b">GR</subfield>
    <subfield code="c">HD</subfield>
    <subfield code="d">2020-10-29</subfield>
    <subfield code="e">Donado por grupo ed. Monta&#xF1;o</subfield>
    <subfield code="l">0</subfield>
    <subfield code="o">BNPHU DS 380.10609729374 S944o</subfield>
    <subfield code="p">2021-0337</subfield>
    <subfield code="r">2021-02-19</subfield>
    <subfield code="t">e.5</subfield>
    <subfield code="w">2021-02-19</subfield>
    <subfield code="y">LFDS</subfield>
  </datafield>
  <datafield tag="999" ind1=" " ind2=" ">
    <subfield code="c">49420</subfield>
    <subfield code="d">49420</subfield>
  </datafield>
</record>
